=LDR 00000nam 2200000 4500 =001 NUTBA000000000005588 =005 20141104094858.0 =006 =007 =008 =035 ##$$a 0010-111400000000067 =040 ##$$a NBPDMAT =082 ##$$a 372.5 =090 ##$$a 372.5 $bApr l =100 ##$$a Aprilia Nurul K =245 ##$$aLKS Utama Seni Budaya dan Keerampilan untuk SD kelas2 semeser 1/ $cAprilia Nurul K =250 ##$$a Cet.1 =260 ##$$a Jakarta : $b Pustaka Widya Utama, $c 2010 =300 ##$$a72 hlm. : $b ilus. ; $c 29 cm. =650 ##$$a Seni dan Keterampilan - SD =850 ##$$a NBPDMAT